[Event "XVI Sigeman & Co"]
[Site "Malmo SWE"]
[Date "2008.04.22"]
[Round "1"]
[White "Timman,J"]
[Black "Hillarp Persson,T"]
[Result "0-1"]
[WhiteElo "2565"]
[BlackElo "2491"]
[EventDate "2008.04.22"]

1. e4 c5 2. Nf3 d6 3. d4 cxd4 4. Nxd4 Nf6 5. Nc3 a6 6. Bg5 e6 7. f4 Nbd7 8.
Qf3 Qc7 9. O-O-O b5 10. Bd3 Bb7 11. Rhe1 Qb6 12. Nb3 Rc8 13. Kb1 Rxc3 14.
bxc3 Qc7 15. Bf1 Be7 16. c4 bxc4 17. Qc3 Nxe4 18. Qxg7 Rf8 19. Rxe4 Bxe4
20. Qc3 Bxg5 21. fxg5 d5 22. Nd2 Bg6 23. Be2 Qxh2 24. Bxc4 Qc7 25. Qb4 Qc5
26. Qxc5 Nxc5 27. Be2 Ke7 28. Nb3 Na4 29. Rd2 Nc3+ 30. Kb2 Nxe2 31. Rxe2
Kd6 32. a4 Rc8 33. Na5 d4 34. Kb3 Rc3+ 35. Kb4 Kd5 0-1

[Event "XVI Sigeman & Co"]
[Site "Malmo SWE"]
[Date "2008.04.22"]
[Round "1"]
[White "Lie,K"]
[Black "Smith,Ax"]
[Result "0-1"]
[WhiteElo "2558"]
[BlackElo "2428"]
[EventDate "2008.04.22"]

1. d4 d5 2. c4 e6 3. Nf3 c6 4. Nc3 dxc4 5. e3 b5 6. a4 Bb4 7. Bd2 a5 8.
axb5 Bxc3 9. Bxc3 cxb5 10. b3 Bb7 11. bxc4 b4 12. Bb2 Nf6 13. Bd3 Nbd7 14.
O-O O-O 15. Nd2 Qc7 16. e4 e5 17. f4 exd4 18. e5 Qc6 19. Rf3 Nc5 20. exf6
Nxd3 21. Rg3 g6 22. Bxd4 Rfd8 23. Nb3 Nxf4 24. Qd2 Rxd4 25. Nxd4 Qxf6 26.
Nc2 Rd8 27. Qe1 Nxg2 28. Rxg2 Bxg2 29. Kxg2 Qb2 30. Qc1 Qc3 31. Ne1 Qxc1
32. Rxc1 b3 33. Ra1 Rb8 34. Nd3 b2 35. Rb1 a4 36. Nxb2 a3 37. Kf3 Rxb2 38.
Ra1 Rc2 39. Rxa3 Rxc4 40. Kg3 Kg7 0-1

[Event "XVI Sigeman & Co"]
[Site "Malmo SWE"]
[Date "2008.04.22"]
[Round "1"]
[White "Akesson,R"]
[Black "Kotronias,V"]
[Result "1-0"]
[WhiteElo "2466"]
[BlackElo "2611"]
[EventDate "2008.04.22"]

1. d4 Nf6 2. c4 g6 3. Nc3 Bg7 4. e4 d6 5. Be2 O-O 6. Nf3 e5 7. Be3 c6 8. d5
Na6 9. O-O Ng4 10. Bg5 f6 11. Bh4 c5 12. Ne1 h5 13. a3 Nh6 14. f3 Nf7 15.
Nd3 Bh6 16. Bf2 Bd7 17. b4 b6 18. Rb1 Qe7 19. bxc5 dxc5 20. a4 Nd6 21. Kh1
Rfc8 22. Qb3 Nb7 23. Nb5 Kh7 24. Qc3 Bxb5 25. axb5 Nb8 26. Rfe1 Nd6 27. Bf1
Nd7 28. g3 Re8 29. Bh3 f5 30. exf5 gxf5 31. Nf4 Bxf4 32. gxf4 Qf6 33. fxe5
Nxe5 34. Re2 Kg7 35. Rbe1 Ndxc4 36. Rg1+ Kf7 37. f4 Ng4 38. Qxc4 Re4 39.
Qa2 Qc3 40. d6+ c4 41. Rxe4 fxe4 42. Bxg4 hxg4 43. Rxg4 Qd3 44. Qa1 Qf3+
45. Rg2 1-0

[Event "XVI Sigeman & Co"]
[Site "Malmo SWE"]
[Date "2008.04.22"]
[Round "1"]
[White "Stellwagen,D"]
[Black "Agrest,E"]
[Result "1-0"]
[WhiteElo "2621"]
[BlackElo "2567"]
[EventDate "2008.04.22"]

1. e4 c6 2. d4 d5 3. e5 c5 4. dxc5 e6 5. Be3 Nc6 6. Nf3 Nge7 7. Bb5 Bd7 8.
Qe2 Nf5 9. Bxc6 Bxc6 10. c3 a5 11. a4 Qc7 12. O-O Be7 13. Nbd2 O-O 14. Nb3
Qd7 15. Nbd4 Nxe3 16. Qxe3 Bxc5 17. b3 b5 18. axb5 Bxb5 19. Rfe1 Rfc8 20.
Qd2 Bb6 21. h4 a4 22. bxa4 Rxa4 23. Qb2 Bxd4 24. Nxd4 Bd3 25. Rxa4 Qxa4 26.
Ra1 Qc4 27. Ra7 Rf8 28. Qb4 h6 29. h5 Qc8 30. f3 Bc4 31. Qd6 Rd8 32. Qe7
Rf8 33. Qd6 Rd8 34. Qe7 Rf8 35. Kh2 Qd8 36. Qxd8 Rxd8 37. Nc6 Re8 38. g4
Kf8 39. Rc7 Ra8 40. f4 Bb5 41. Nd4 Bd3 42. f5 Re8 43. fxe6 fxe6 44. Kg3 Re7
45. Rc6 Kf7 46. g5 hxg5 47. Kg4 Bf1 48. Rb6 Bd3 49. Kxg5 Bc4 50. Rd6 Re8
51. Rd7+ Kg8 52. Rd6 Kf7 53. Nc6 Kf8 54. Nd8 Kg8 55. Kh4 d4 56. cxd4 Bd5
57. Nc6 Kh7 58. Nb4 Be4 59. Kg5 Rc8 60. Na6 Rc4 61. Rd7 Bc6 62. Rc7 Rc1 63.
Re7 Rg1+ 64. Kf4 Rf1+ 65. Ke3 Bf3 66. Nc5 Bxh5 67. Nxe6 Re1+ 68. Kd2 Rd1+
69. Kc3 Be2 70. Rxg7+ Kh6 71. Rg3 Ba6 72. Nc5 Bb5 73. Nd3 Bc6 74. Kc4 Rd2
75. d5 Be8 76. e6 Re2 77. Kc5 Ba4 78. Kd6 Kh7 79. Nc5 Be8 80. Ke7 Bg6 81.
d6 1-0

[Event "XVI Sigeman & Co"]
[Site "Malmo SWE"]
[Date "2008.04.23"]
[Round "2"]
[White "Hillarp Persson,T"]
[Black "Agrest,E"]
[Result "1-0"]
[WhiteElo "2491"]
[BlackElo "2567"]
[EventDate "2008.04.22"]

1. e4 c5 2. Nf3 e6 3. d4 cxd4 4. Nxd4 a6 5. Bd3 Nf6 6. O-O d6 7. c4 b6 8.
Nc3 Bb7 9. b3 Nbd7 10. Bb2 g6 11. Qe2 Bg7 12. Rad1 O-O 13. Bb1 Qc7 14. f4
Rfe8 15. Nf3 Rad8 16. Kh1 Qb8 17. Rde1 Nh5 18. Ng5 h6 19. Nxf7 Kxf7 20. e5
Nf8 21. Qg4 dxe5 22. fxe5+ Kg8 23. Rxf8+ Kxf8 24. Ba3+ Kg8 25. Qxg6 Bxg2+
26. Qxg2 Nf4 27. Qe4 Qa8 28. Nd5 exd5 29. Qh7+ Kf7 30. Qf5+ Kg8 31. Qh7+
Kf7 32. Rf1 dxc4+ 33. Be4 Rd1 34. Rxd1 Qc8 35. Rf1 Qg4 36. Bd5+ Re6 37. Qe4
Ke8 38. Bxe6 Qxe6 39. Qxf4 1-0

[Event "XVI Sigeman & Co"]
[Site "Malmo SWE"]
[Date "2008.04.23"]
[Round "2"]
[White "Kotronias,V"]
[Black "Lie,K"]
[Result "0-1"]
[WhiteElo "2611"]
[BlackElo "2558"]
[EventDate "2008.04.22"]

1. e4 e5 2. Nf3 Nc6 3. Bb5 a6 4. Ba4 Nf6 5. O-O Be7 6. Re1 b5 7. Bb3 d6 8.
c3 O-O 9. h3 Na5 10. Bc2 d5 11. d4 Nxe4 12. dxe5 f5 13. exf6 Bxf6 14. Nbd2
Nxd2 15. Qxd2 Nc4 16. Qd3 g6 17. Qd1 c6 18. b3 Nd6 19. Nd4 Qb6 20. Bh6 Rf7
21. Re3 Bd7 22. Rg3 Ne4 23. Bxe4 dxe4 24. Be3 Qc7 25. Ne2 Bh4 26. Qd4 Bxg3
27. Nxg3 Bf5 28. c4 Rd8 29. Qb2 Rd3 30. cxb5 axb5 31. a4 bxa4 32. Rxa4 Qb8
33. Qc1 Rxb3 34. Qxc6 Bd7 0-1

[Event "XVI Sigeman & Co"]
[Site "Malmo SWE"]
[Date "2008.04.23"]
[Round "2"]
[White "Portisch,L"]
[Black "Akesson,R"]
[Result "0-1"]
[WhiteElo "2523"]
[BlackElo "2466"]
[EventDate "2008.04.22"]

1. d4 Nf6 2. c4 g6 3. Nc3 d5 4. Nf3 Bg7 5. e3 O-O 6. cxd5 Nxd5 7. Bc4 Nxc3
8. bxc3 c5 9. O-O Qc7 10. Qe2 b6 11. Rd1 e6 12. e4 Bb7 13. Bd3 Nc6 14. Bb2
Rfd8 15. Qe3 Rac8 16. Rac1 Qe7 17. Ba3 Rd7 18. Be2 Na5 19. dxc5 bxc5 20.
Bb5 Rdc7 21. Nd2 a6 22. Bd3 Qe8 23. Bc2 Qc6 24. Qe2 Rd7 25. Nc4 Rxd1+ 26.
Rxd1 Qb5 27. Bd3 Nxc4 28. Bxc4 Qa4 29. Bb2 Bxe4 30. Bxa6 Rb8 31. a3 Bc2 32.
Rc1 Rxb2 33. Bd3 Bh6 0-1

[Event "XVI Sigeman & Co"]
[Site "Malmo SWE"]
[Date "2008.04.24"]
[Round "3"]
[White "Stellwagen,D"]
[Black "Kotronias,V"]
[Result "1/2-1/2"]
[WhiteElo "2621"]
[BlackElo "2611"]
[EventDate "2008.04.22"]

1. e4 c5 2. Nf3 Nc6 3. d4 cxd4 4. Nxd4 Nf6 5. Nc3 d6 6. Bg5 e6 7. Qd2 Be7
8. O-O-O O-O 9. f4 Nxd4 10. Qxd4 Qa5 11. e5 dxe5 12. Qxe5 Qxe5 13. fxe5 Nd5
14. Bxe7 Nxe7 15. Bd3 Nc6 16. Rhe1 Rd8 17. Nb5 Kf8 18. c4 a6 19. Nc3 Rb8
20. a3 Ke7 21. b4 b6 22. Kb2 h5 23. Na4 Rd4 24. Kc3 Rg4 25. Rd2 Bd7 26. Bc2
Be8 27. Re3 b5 28. cxb5 Rxb5 29. Bd1 Rg5 30. Nc5 a5 31. h4 axb4+ 32. axb4
Rxe5 33. Rxe5 Nxe5 34. Be2 Rb8 35. Bxh5 Bc6 36. Re2 f6 37. Bf3 Bb5 38. Ra2
Nxf3 39. gxf3 Kd6 40. Ra7 Bc6 41. Rxg7 Ra8 42. f4 Ra3+ 43. Kd4 e5+ 44.
fxe5+ fxe5+ 45. Kc4 Bd5+ 46. Kb5 e4 47. Kb6 Rh3 48. b5 1/2-1/2

[Event "XVI Sigeman & Co"]
[Site "Malmo SWE"]
[Date "2008.04.24"]
[Round "3"]
[White "Agrest,E"]
[Black "Smith,Ax"]
[Result "1-0"]
[WhiteElo "2567"]
[BlackElo "2428"]
[EventDate "2008.04.22"]

1. Nf3 d5 2. d4 c6 3. c4 e6 4. Qc2 Nf6 5. Bg5 h6 6. Bh4 dxc4 7. Qxc4 b5 8.
Qc2 Bb7 9. e3 Nbd7 10. Bd3 a6 11. a4 c5 12. Bxf6 gxf6 13. Be4 Bxe4 14. Qxe4
b4 15. O-O f5 16. Qc2 cxd4 17. exd4 Bg7 18. Nbd2 O-O 19. Nb3 Nb6 20. a5 Nd5
21. Rfc1 Kh8 22. Qd2 Qd6 23. Ne5 Kh7 24. Nc4 Qe7 25. Ne3 Nxe3 26. fxe3 h5
27. Qe2 Qg5 28. Rf1 Bh6 29. Rf3 Rg8 30. Raf1 Qg4 31. Nc5 Rg6 32. R1f2 Rag8
33. Kf1 h4 34. h3 Qh5 35. e4 Qg5 36. Nd3 R8g7 37. exf5 exf5 38. Rxf5 Qd8
39. Qe4 Qc7 40. Rh5 Qg3 41. Ne5 Qh2 42. Rxh6+ Kxh6 43. Qxh4+ 1-0

[Event "XVI Sigeman & Co"]
[Site "Malmo SWE"]
[Date "2008.04.25"]
[Round "4"]
[White "Kotronias,V"]
[Black "Agrest,E"]
[Result "1/2-1/2"]
[WhiteElo "2611"]
[BlackElo "2567"]
[EventDate "2008.04.22"]

1. e4 c6 2. d4 d5 3. Nc3 dxe4 4. Nxe4 Bf5 5. Ng3 Bg6 6. h4 h6 7. Nf3 Nd7 8.
h5 Bh7 9. Bd3 Bxd3 10. Qxd3 e6 11. Bf4 Qa5+ 12. Bd2 Bb4 13. c3 Be7 14. a4
Ngf6 15. Qe2 O-O 16. Ne5 c5 17. Ng6 Rfe8 18. Nxe7+ Rxe7 19. dxc5 Qxc5 20.
O-O Ree8 21. Rfd1 Rac8 22. Be3 Qc7 23. Bd4 a6 24. a5 Nd5 25. Ne4 f5 26. Ng3
Qc6 27. Qf3 N5f6 28. Qxc6 Rxc6 29. Ra4 Rd6 30. Re1 Rd5 31. Rb4 f4 32. Bxf6
Nxf6 33. Ne4 Nxe4 34. Rexe4 Re7 35. Rxf4 Rxh5 36. Ra4 Rd7 37. g3 Rb5 38. b4
Rd2 39. Ra1 Re5 40. Rc4 Ree2 41. Rf1 Rd7 42. Kg2 Rf7 43. g4 e5 44. Rc5 e4
45. g5 hxg5 46. Rxg5 Rc2 47. Re5 Rxc3 48. Rxe4 Rcf3 49. Re8+ 1/2-1/2

[Event "XVI Sigeman & Co"]
[Site "Malmo SWE"]
[Date "2008.04.25"]
[Round "4"]
[White "Hansen,LB"]
[Black "Akesson,R"]
[Result "1-0"]
[WhiteElo "2563"]
[BlackElo "2466"]
[EventDate "2008.04.22"]

1. d4 Nf6 2. c4 e6 3. Nf3 d5 4. Nc3 Be7 5. Bg5 O-O 6. cxd5 exd5 7. e3 c6 8.
Bd3 Ne4 9. Bxe4 Bxg5 10. Bd3 Bg4 11. h4 Bh6 12. Bxh7+ Kxh7 13. Ng5+ Qxg5
14. hxg5 Bxd1 15. Rxd1 Nd7 16. Kd2 f5 17. Ne2 Nf6 18. gxf6 Rxf6 19. g3 Kg8
20. Nc1 c5 21. dxc5 d4 22. f4 Rg6 23. Ne2 dxe3+ 24. Kxe3 Rc8 25. Rd5 b6 26.
Rc1 Re6+ 27. Kf2 bxc5 28. Rcxc5 Rxc5 29. Rxc5 g6 30. b3 Bg7 31. Rc4 Ra6 32.
a4 Bf8 33. Nd4 Rb6 34. Ke3 Rb7 35. Kd3 Kh7 36. Kc2 Kh6 37. Ne6 Be7 38. Rc7
Rxc7+ 39. Nxc7 Kh5 40. Nd5 Bd8 41. Ne3 Ba5 42. Kd1 Bc3 43. Ke2 a5 44. Nd5
Bd4 45. b4 axb4 46. Nxb4 Kg4 47. Nc6 Bb6 48. Ne5+ Kxg3 49. Nxg6 Kg4 50. Kd3
Ba5 51. Kc4 Bd2 52. Kb5 Bxf4 53. Nxf4 Kxf4 54. a5 Ke3 55. a6 f4 56. a7 f3
57. a8=Q f2 58. Qg2 Ke2 59. Kc4 Ke1 60. Kc3 Ke2 61. Qe4+ 1-0

[Event "XVI Sigeman & Co"]
[Site "Malmo SWE"]
[Date "2008.04.25"]
[Round "4"]
[White "Hillarp Persson,T"]
[Black "Smith,Ax"]
[Result "1-0"]
[WhiteElo "2491"]
[BlackElo "2428"]
[EventDate "2008.04.22"]

1. g3 Nf6 2. Bg2 d5 3. d3 e5 4. Nf3 Nc6 5. O-O Be7 6. a3 a5 7. Nc3 O-O 8.
e3 Re8 9. b3 Bf5 10. h3 h6 11. Bb2 Qd7 12. Kh2 Rad8 13. Ne2 Bd6 14. Nd2 Qe7
15. Qb1 Bg6 16. Qa2 Nb8 17. Rae1 Nbd7 18. Qa1 c6 19. f4 Bc7 20. Qc1 Qd6 21.
a4 Bb8 22. Ba3 Qc7 23. f5 Bh5 24. e4 dxe4 25. dxe4 Bxe2 26. Rxe2 Ba7 27. g4
Bc5 28. Bf3 Qd6 29. Nc4 Qe7 30. Bb2 Ra8 31. Qe1 Bb4 32. c3 Bc5 33. Bc1 Nb6
34. Nxb6 Bxb6 35. Rg2 Nh7 36. h4 f6 37. Be2 Bc5 38. Bc4+ Kh8 39. g5 fxg5
40. hxg5 hxg5 41. Rf3 Qf6 42. Rh3 Be7 43. Kh1 1-0

[Event "XVI Sigeman & Co"]
[Site "Malmo SWE"]
[Date "2008.04.26"]
[Round "5"]
[White "Agrest,E"]
[Black "Portisch,L"]
[Result "1-0"]
[WhiteElo "2567"]
[BlackElo "2523"]
[EventDate "2008.04.22"]

1. d4 d5 2. c4 e6 3. Nc3 Be7 4. cxd5 exd5 5. Bf4 c6 6. Qc2 Bg4 7. f3 Bh5 8.
O-O-O Nd7 9. e4 Bg6 10. Bd3 Ngf6 11. Nge2 Nf8 12. h3 Ne6 13. Be3 dxe4 14.
fxe4 Qc7 15. Kb1 O-O 16. g4 c5 17. e5 Bxd3 18. Rxd3 Nd7 19. d5 Nd4 20. Bxd4
cxd4 21. d6 Bxd6 22. exd6 Qc6 23. Rhd1 dxc3 24. Rxc3 Qg2 25. Nf4 Qxc2+ 26.
Rxc2 Ne5 27. Rc7 Rab8 28. Re1 Nc6 29. Nd5 Rfd8 30. Ne7+ Nxe7 31. Rexe7 Rxd6
32. Rxf7 Rg6 33. Rxb7 Rxb7 34. Rxb7 Ra6 35. b4 Ra3 36. b5 1-0

[Event "XVI Sigeman & Co"]
[Site "Malmo SWE"]
[Date "2008.04.26"]
[Round "5"]
[White "Lie,K"]
[Black "Hansen,LB"]
[Result "0-1"]
[WhiteElo "2558"]
[BlackElo "2563"]
[EventDate "2008.04.22"]

1. e4 c6 2. d4 d5 3. Nc3 dxe4 4. Nxe4 Bf5 5. Ng3 Bg6 6. N1e2 e6 7. h4 h6 8.
Nf4 Bh7 9. Bd3 Bxd3 10. Qxd3 Nf6 11. Bd2 Nbd7 12. O-O-O Bd6 13. Nfh5 Rg8
14. Rhe1 Nxh5 15. Nxh5 Qxh4 16. d5 Nc5 17. Qf3 cxd5 18. Kb1 O-O-O 19. Qxf7
Qg4 20. f3 Qxg2 21. Nf4 Qxf3 22. Rf1 Qg4 23. Ng6 Kb8 24. Bc3 Ne4 25. Be5
Rc8 26. Rd4 Qe2 27. Ka1 Ka8 28. Rxe4 dxe4 29. Bxd6 Rgd8 30. Rb1 Rxd6 31.
Ne7 Rd1 0-1

[Event "XVI Sigeman & Co"]
[Site "Malmo SWE"]
[Date "2008.04.26"]
[Round "5"]
[White "Stellwagen,D"]
[Black "Timman,J"]
[Result "1-0"]
[WhiteElo "2621"]
[BlackElo "2565"]
[EventDate "2008.04.22"]

1. e4 e6 2. d4 d5 3. Nc3 Bb4 4. e5 c5 5. a3 Bxc3+ 6. bxc3 Qa5 7. Bd2 Qa4 8.
Rb1 c4 9. Qc1 Nc6 10. Nf3 f6 11. Be2 b6 12. h4 fxe5 13. Nxe5 Nf6 14. Nxc6
Qxc6 15. f3 Nh5 16. Bf4 Nxf4 17. Qxf4 Qa4 18. Qc1 Bd7 19. f4 h5 20. Rh3 e5
21. Re3 e4 22. Rg3 O-O-O 23. Rxg7 Rdg8 24. Rg5 Rxg5 25. fxg5 e3 26. Kf1 Re8
27. Bxh5 Re7 28. Kg1 Bf5 29. g6 Qd7 30. Qf1 Qe6 31. Qf4 Kb7 32. Qg5 Bxc2
33. Bg4 Qd6 34. g7 Bh7 35. g8=Q 1-0

[Event "XVI Sigeman & Co"]
[Site "Malmo SWE"]
[Date "2008.04.26"]
[Round "5"]
[White "Smith,Ax"]
[Black "Kotronias,V"]
[Result "1/2-1/2"]
[WhiteElo "2428"]
[BlackElo "2611"]
[EventDate "2008.04.22"]

1. e4 c5 2. Nf3 Nc6 3. d4 cxd4 4. Nxd4 Nf6 5. Nc3 d6 6. Bg5 e6 7. Qd2 Be7
8. O-O-O O-O 9. f4 Nxd4 10. Qxd4 Qa5 11. Bc4 Rd8 12. e5 dxe5 13. Qxe5 Qb4
14. Qb5 Qxb5 15. Bxb5 Kf8 16. Rxd8+ Bxd8 17. Ne4 a6 18. Be2 Bd7 19. Bf3 Nd5
20. Bxd8 Rxd8 21. Rd1 Ke7 22. g3 Rc8 23. Kd2 b5 24. a3 a5 25. Nf2 Nb6 26.
Nd3 Nc4+ 27. Kc1 Rc7 28. Re1 f6 29. Bd5 h6 30. Bxe6 Bxe6 31. f5 Ne5 32.
Nxe5 Bxf5 33. Nc6+ Kf7 34. Nd4 Bd7 35. Kd2 g5 36. b4 a4 37. Rc1 Rc4 38. Kd3
Kg6 39. Re1 Bf5+ 40. Nxf5 Kxf5 41. Re8 Rc6 42. Re4 Rc3+ 43. Kxc3 Kxe4 44.
g4 f5 45. gxf5 Kxf5 46. Kd4 h5 47. c4 bxc4 48. Kxc4 g4 49. Kd4 h4 50. Ke3
Ke5 51. Kf2 Kd4 1/2-1/2

[Event "XVI Sigeman & Co"]
[Site "Malmo SWE"]
[Date "2008.04.27"]
[Round "6"]
[White "Portisch,L"]
[Black "Smith,Ax"]
[Result "1/2-1/2"]
[WhiteElo "2523"]
[BlackElo "2428"]
[EventDate "2008.04.22"]

1. c4 Nf6 2. Nc3 e5 3. Nf3 Nc6 4. e3 Bb4 5. Qc2 O-O 6. d3 Re8 7. Bd2 d5 8.
cxd5 Nxd5 9. Be2 Bf8 10. O-O Ncb4 11. Qb1 c5 12. a3 Nc6 13. Nxd5 Qxd5 14.
b4 Bg4 15. bxc5 Rab8 16. Rc1 Bxc5 17. Rc4 Bd7 18. Ng5 Be7 19. Bf3 Qd6 20.
Ne4 Qg6 21. Ng3 Qd6 22. a4 Be6 23. Ne4 Qd8 24. Rc1 Bf5 25. a5 Qd7 26. Be1
Red8 27. Be2 h6 28. Qb2 Qd5 29. Rc4 Be6 30. Qc1 Qd7 31. Nc5 Bxc5 32. Rxc5
Rbc8 33. Qb2 Rc7 34. Rb5 f6 35. Rb1 Rb8 36. Bc3 Ne7 37. Be1 Bd5 38. h3 Bc6
39. Rb3 Ba4 40. Rc3 Rxc3 41. Bxc3 Bc6 42. e4 Kh8 43. Rd1 Ba4 44. Rd2 Nc6
45. Bg4 Qf7 46. Qa3 Bb5 47. Qc5 a6 48. Qd5 Qe7 49. Qa2 Rd8 50. Be2 Nd4 51.
Bg4 Nc6 52. Be2 Nd4 53. Bg4 1/2-1/2

[Event "XVI Sigeman & Co"]
[Site "Malmo SWE"]
[Date "2008.04.27"]
[Round "6"]
[White "Hillarp Persson,T"]
[Black "Kotronias,V"]
[Result "1/2-1/2"]
[WhiteElo "2491"]
[BlackElo "2611"]
[EventDate "2008.04.22"]

1. c4 Nf6 2. Nc3 g6 3. g3 Bg7 4. Bg2 O-O 5. Nf3 d6 6. O-O c6 7. d4 Nbd7 8.
e4 e5 9. b3 Qb6 10. d5 Nc5 11. Be3 Ng4 12. Bxc5 dxc5 13. Na4 Qc7 14. d6 Qd8
15. Nxc5 b6 16. d7 bxc5 17. dxc8=Q Rxc8 18. Bh3 h5 19. Qe2 Rb8 20. Rad1 Qe7
21. Bxg4 hxg4 22. Nh4 Qe6 23. Qe3 Qe7 24. Qe2 Qe6 25. Qe3 Qe7 1/2-1/2

[Event "XVI Sigeman & Co"]
[Site "Malmo SWE"]
[Date "2008.04.27"]
[Round "6"]
[White "Hansen,LB"]
[Black "Stellwagen,D"]
[Result "1/2-1/2"]
[WhiteElo "2563"]
[BlackElo "2621"]
[EventDate "2008.04.22"]

1. d4 d5 2. c4 c6 3. Nf3 Nf6 4. cxd5 cxd5 5. Nc3 Nc6 6. Bf4 Bf5 7. e3 e6 8.
Qb3 Bb4 9. Bb5 O-O 10. O-O Bxc3 11. Bxc6 Bxb2 12. Bxb7 Bxa1 13. Rxa1 Qb6
14. Bxa8 Rxa8 1/2-1/2

[Event "XVI Sigeman & Co"]
[Site "Malmo SWE"]
[Date "2008.04.27"]
[Round "6"]
[White "Akesson,R"]
[Black "Lie,K"]
[Result "0-1"]
[WhiteElo "2466"]
[BlackElo "2558"]
[EventDate "2008.04.22"]

1. d4 Nf6 2. c4 c5 3. d5 e6 4. Nc3 exd5 5. cxd5 d6 6. e4 g6 7. f4 Bg7 8.
Bb5+ Nfd7 9. Bd3 a6 10. a4 Qh4+ 11. g3 Qd8 12. Nf3 O-O 13. O-O Nf6 14. Kg2
Bg4 15. h3 Bxf3+ 16. Qxf3 Nbd7 17. Bd2 Rc8 18. Bc4 Ne8 19. b3 Rb8 20. Qd3
Nc7 21. Ra2 Qc8 22. a5 b5 23. axb6 Rxb6 24. Kh2 Qd8 25. Rb1 Re8 26. Re1 Qb8
27. Ra5 Rb7 28. Re2 Nb6 29. e5 Nxc4 30. bxc4 dxe5 31. f5 e4 32. Rxe4 Rxe4
33. Nxe4 Rb3 34. Qe2 Ne8 35. Ra2 Be5 36. Be1 gxf5 37. Nxc5 Rb1 38. Nd7 Qb3
39. Nxe5 Rxe1 40. Qxe1 Qxa2+ 41. Kg1 Nd6 42. Qe3 Ne4 43. Qf4 Qa1+ 44. Kg2
Qb2+ 45. Kg1 Qb1+ 46. Kg2 Qc2+ 47. Kg1 Qd1+ 48. Kg2 Qe2+ 49. Kg1 f6 50. Nc6
Ng5 51. Qb8+ Kg7 52. Qc7+ Kg6 53. Ne7+ Kh5 54. g4+ fxg4 55. hxg4+ Kxg4 56.
Qc8+ Kf3 0-1

[Event "XVI Sigeman & Co"]
[Site "Malmo SWE"]
[Date "2008.04.28"]
[Round "7"]
[White "Lie,K"]
[Black "Hillarp Persson,T"]
[Result "0-1"]
[WhiteElo "2558"]
[BlackElo "2491"]
[EventDate "2008.04.22"]

1. d4 d5 2. c4 c6 3. Nf3 Nf6 4. Nc3 a6 5. cxd5 cxd5 6. Bf4 Nc6 7. Rc1 Bf5
8. e3 Rc8 9. Qa4 Qb6 10. Ne5 e6 11. Be2 Be7 12. g4 Bg6 13. h4 Qxb2 14. O-O
O-O 15. Nxg6 hxg6 16. Rc2 Qa3 17. Kg2 Na5 18. Qxa3 Bxa3 19. f3 Rc6 20. e4
dxe4 21. Bd2 e3 0-1

[Event "XVI Sigeman & Co"]
[Site "Malmo SWE"]
[Date "2008.04.28"]
[Round "7"]
[White "Stellwagen,D"]
[Black "Akesson,R"]
[Result "0-1"]
[WhiteElo "2621"]
[BlackElo "2466"]
[EventDate "2008.04.22"]

1. e4 c6 2. d4 d5 3. e5 Bf5 4. g4 Bd7 5. c4 h5 6. gxh5 Bf5 7. Ne2 dxc4 8.
Ng3 Bd3 9. Bxd3 cxd3 10. e6 Qd5 11. exf7+ Qxf7 12. Qxd3 Nf6 13. Nc3 Na6 14.
Bg5 Nb4 15. Qe2 O-O-O 16. a3 Nbd5 17. Nce4 Nxh5 18. O-O-O g6 19. Nc5 Bh6
20. Bxh6 Rxh6 21. Kb1 Nhf4 22. Qc2 Nb6 23. Nge4 Qc4 24. Qd2 Rh4 25. Rhe1
Kb8 26. Ng5 Nfd5 27. Nf7 Rg8 28. Qg5 Rh3 29. Re3 Rxe3 30. fxe3 Qe2 31. Qg3+
Ka8 32. Re1 Qd2 33. Ne5 Rh8 34. Nf3 Qa5 35. e4 Nc3+ 36. bxc3 Qxc3 37. Qf2
Nc4 38. Ne5 Nd2+ 39. Ka2 Qc2+ 40. Ka1 Nb3+ 0-1

[Event "XVI Sigeman & Co"]
[Site "Malmo SWE"]
[Date "2008.04.29"]
[Round "8"]
[White "Hansen,LB"]
[Black "Smith,Ax"]
[Result "1/2-1/2"]
[WhiteElo "2563"]
[BlackElo "2428"]
[EventDate "2008.04.22"]

1. d4 d5 2. Nf3 Nf6 3. c4 c6 4. Nc3 a6 5. cxd5 cxd5 6. Bf4 Nc6 7. Rc1 Bf5
8. e3 e6 9. Qb3 Qd7 10. Be2 Be7 11. O-O Na5 12. Qd1 b5 13. Ne5 Qb7 14. g4
Bg6 15. h4 h6 16. Nxg6 fxg6 17. Bd3 g5 18. hxg5 hxg5 19. Bg3 Nc4 20. Qe2
Bd6 21. e4 Bxg3 22. fxg3 Qb6 23. exd5 Qxd4+ 24. Rf2 Nxg4 25. Qxe6+ Kd8 26.
Ne4 Nxf2 27. Nxf2 Qe5 28. Qxe5 Nxe5 29. Bf5 Rf8 30. Be4 Rc8 31. Rd1 Kd7 32.
Kg2 Kd6 33. b3 Nd7 34. a4 bxa4 35. bxa4 Rc4 36. Bd3 Rxa4 37. Ne4+ Ke5 38.
Nxg5 Ra2+ 39. Kg1 Nc5 40. Bf1 Rf5 41. Ne6 Rxf1+ 42. Kxf1 Nxe6 43. dxe6 Kxe6
44. Rd3 a5 45. Rf3 g5 46. Ke1 a4 47. Kd1 Ke5 48. g4 Rg2 49. Rf5+ Kd4 50.
Rxg5 Kc3 51. Rg8 Rg1+ 52. Ke2 a3 53. Rc8+ Kb4 54. Rb8+ Kc5 55. Kf2 a2 56.
Kxg1 a1=Q+ 57. Kg2 Qa2+ 58. Kh3 Qa7 59. Rh8 Qg7 60. Rh5+ Kd4 61. Rf5 Ke4
62. Kg3 Qc3+ 63. Kh4 Qe1+ 64. Kh3 Qg1 65. Rf7 Qe3+ 66. Kh4 Qe1+ 67. Kh3
Qc3+ 68. Kh4 Qb2 69. Rf5 Qh2+ 70. Kg5 Qh8 71. Rf4+ Ke3 72. Rf5 Qh7 73. Rf1
Qh8 74. Rf5 Ke2 75. Rf4 Qd8+ 76. Kh5 Qe8+ 77. Kh4 Qe7+ 78. Kh5 Ke3 79. Rf5
Qd8 80. Rf1 Qh8+ 81. Kg5 Ke4 82. Rf5 Qh7 83. Rf1 Ke5 84. Rf5+ Ke6 85. Rf1
Qh3 86. Rf6+ Ke7 87. Rf5 Qh8 88. Rf1 Qh2 89. Rf5 Qh3 90. Kf4 Qh4 91. Kf3
Qh2 92. Rh5 Qg1 93. Rf5 Ke6 94. Kf4 Qf2+ 95. Kg5 Qh2 96. Rf6+ Ke5 97. Rf5+
Ke4 98. Rf6 Ke3 99. Rf5 Qh7 100. Rf1 Qe7+ 101. Kh5 Qe8+ 102. Kg5 Ke2 103.
Rf5 Qh8 104. Rf4 Qg8+ 105. Kh5 Qe8+ 106. Kh4 1/2-1/2

[Event "XVI Sigeman & Co"]
[Site "Malmo SWE"]
[Date "2008.04.29"]
[Round "8"]
[White "Lie,K"]
[Black "Stellwagen,D"]
[Result "0-1"]
[WhiteElo "2558"]
[BlackElo "2621"]
[EventDate "2008.04.22"]

1. d4 Nf6 2. c4 g6 3. Nc3 Bg7 4. e4 d6 5. f3 O-O 6. Be3 c5 7. Nge2 Nc6 8.
d5 Ne5 9. Ng3 e6 10. Be2 exd5 11. cxd5 h5 12. O-O Nh7 13. Qd2 h4 14. Nh1 f5
15. Nf2 Bd7 16. exf5 gxf5 17. Nh3 Qe7 18. Rae1 Rae8 19. Nf4 Ng4 20. fxg4
Qxe3+ 21. Qxe3 Rxe3 22. Ne6 Bxe6 23. dxe6 Bd4 24. Kh1 fxg4 25. Bxg4 Rxf1+
26. Rxf1 Nf6 27. Bf3 b6 28. g4 hxg3 29. hxg3 Rxe6 30. Nb5 Bxb2 31. Rb1 Be5
32. Nxa7 d5 33. g4 Kg7 34. Re1 Kg6 35. Kg2 c4 36. Nb5 Re8 37. Rd1 c3 38.
Be2 Rc8 39. Bd3+ Kg5 40. Kf3 Nxg4 41. Ke2 Rh8 42. Bb1 Rh2+ 43. Kf3 Rf2+ 0-1

[Event "XVI Sigeman & Co"]
[Site "Malmo SWE"]
[Date "2008.04.30"]
[Round "9"]
[White "Smith,Ax"]
[Black "Akesson,R"]
[Result "0-1"]
[WhiteElo "2428"]
[BlackElo "2466"]
[EventDate "2008.04.22"]

1. d4 d5 2. c4 e6 3. Nf3 Nf6 4. g3 Bb4+ 5. Bd2 Be7 6. Bg2 O-O 7. O-O c6 8.
Qc2 b6 9. b3 Nbd7 10. Rd1 a5 11. Nc3 Ba6 12. e4 dxc4 13. bxc4 Bxc4 14. Ne5
Nxe5 15. dxe5 Nd7 16. Be3 b5 17. Na4 Qc7 18. f4 Rfd8 19. Kh1 c5 20. Nb2 Nb6
21. a4 Rxd1+ 22. Rxd1 Rd8 23. Rxd8+ Qxd8 24. Bf2 Qd7 25. Be1 Qd4 26. Bf2
Bb3 27. Qe2 Qd7 28. f5 Nxa4 29. f6 Bf8 30. Bf1 Nxb2 31. Qxb2 c4 32. Qc3 b4
33. Qe3 c3 34. Kg2 a4 35. fxg7 Be7 36. Qb6 a3 37. Bb5 Qd8 38. Qc6 a2 39.
Bb6 Qb8 0-1